Dias Felizes ... um dia em grande! (Registo nº 5982)
[ vista simples ]
| 000 -Etiqueta do registo | |
|---|---|
| Valores | 00701nam a2200241 4500 |
| 010 ## - Número ISBN | |
| ISBN | 972611389X |
| 021 ## - Número do Depósito Legal | |
| Número | 125747/98 |
| 100 ## - Dados gerais de processamento | |
| Dados gerais | 20211231d u||y0pory50 ba |
| 200 ## - Titulo e menção de responsabilidade | |
| Título próprio | Dias Felizes ... um dia em grande! |
| Primeira menção de responsabilidade | Caroline Kenneth |
| Outras menções de responsabilidade | il. Phill Ortiz , Josie Yee |
| 210 ## - Publicação | |
| Local de publicação | Linda-a-Velha |
| Nome do editor | Abril/Controljornal |
| Data de publicação | [19xx] |
| 215 ## - Descrição física | |
| Paginação / Volumes | 12p. |
| Outras indicações físicas | il. |
| 606 ## - Nome comum usado como assunto | |
| ID Autoridade | 14 |
| Palavra de ordem | Literatura infantil |
| 606 ## - Nome comum usado como assunto | |
| ID Autoridade | 13 |
| Palavra de ordem | Literatura Estrangeira |
| 675 ## - CDU | |
| Notação | 82-93 |
| Edição | BN |
| Língua | por |
| 675 ## - CDU | |
| Notação | 821.1/.8 |
| Edição | BN |
| Língua | por |
| 700 ## - Autor principal (pessoa individual) | |
| ID Autoridade | 5662 |
| Apelido | Kenneth |
| Nome | Caroline |
| 702 ## - Autor secundário (pessoa individual) | |
| ID Autoridade | 5663 |
| Apelido | Ortiz |
| Nome | Phil |
| 702 ## - Autor secundário (pessoa individual) | |
| ID Autoridade | 5516 |
| Apelido | Yee |
| Nome | Josie |
| 801 ## - Fonte de origem | |
| País | PT |
| Agência | BMVN |
| Regras de catalogação | RPC |
| 830 ## - Notas gerais do catalogador | |
| Criado por | Ana Caetano |
| Data de criação | 31/12/2021 |
| 990 ## - Elementos KOHA | |
| Tipo de documento | Livro |
| Situação do levantamento | Biblioteca de origem | Código de barras | Cota | Permissão de empréstimo | Tipo de documento | Forma de aquisição |
|---|---|---|---|---|---|---|
| Biblioteca Municipal de Vendas Novas | 100000020356 | LI EST/KEN | Livro |